1595 1616 1568 1849 1499 1896 1464 1341 1520 1414 1820 1844 1400 1755 1895 1721 1332 1100 1532 1296 1628 1704 1656 1068 1616 1195 1748 1896 1120 1018 1467 1505 1075 1699 1554 1638 1187 1274 1386 1019 1826 1439 1253 1722 1985 1389 1480 1250 1499 1161 1945 1234 1140 1976 1852 1529 1208 1251 1302 1836 1713 1739 1117 1748 1939 1669 1708 1013 1413 1374 1984 1943 1871 1654 1166 1460 1713 1072 1187 1447 1729 1008 1019 1284 1011 1698 1561 1186 1835 1605 1329 1881 1263 1872 1773 1577 1434 1938 1608 BCNSPRNW ULIB Ver.6.0+V

เปลี่ยนเป็นภาษาไทย

Change to English
 แสดงรายละเอียดบรรณานุกรม
  กลับหน้าหลัก

Brief Record : Get Marc (ISO 2709) : E-mail record : QR code < ปิดหน้าต่าง
LEADER : 00000nam 2200000uu 4500
001    13399121122
003     ULIB
008    020711s2552 th a 000 0 tha d
020    ^a9789742127909
090    ^aรส.^bด517T
100    ^aL.Frank Baum
245    ^aมหัศจรรย์พ่อมดแห่งออซ /^cL.Frank Baum
260    ^aกรุงเทพฯ :^bซีเอ็ด,^c2552
300    86 หน้า
500    ชุดอ่านอังกฤษ เก่งอังกฤษ
501    Stage 2
945    ^p89^l0^i028463
999 ^a ทศพร
รายการนี้ยังไม่มีแท็ก
คุณยังไม่ได้ล็อกอิน คุณสามารถมีกิจกรรมร่วมกับเว็บไซต์ได้ แต่ต้องล็อกอินก่อน ::
  ล็อกอิน

รายการสื่อสารสนเทศ

ลำดับที่ ประเภท เลขเรียก/บาร์โค้ด สถานที่ สถานะ
1. วิทยาศาสตร์การแพทย์ และสุขภาพ
วิทยาศาสตร์การแพทย์ และสุขภาพ
รส. ด517T ฉ.1 
  Barcode: 028463
ห้องสมุดวิทยาเขตสวรรค์ประชารักษ์
►หนังสือทั่วไป
บนชั้น

BibComment


ยังไม่เคยถูกคอมเมนท์

คอมเมนท์ทรัพยากรรายการนี้
  คอมเมนท์: มหัศจรรย์พ่อมดแห..

สมาชิกที่บันทึกรายการนี้ไว้ในรายการโปรด
นางสาวนุชศรา พรมชัย

 Copyright 2026. Bcnsprnw @Library